00990nam a22002417a 450000500170000000800410001702000150005805000210007310000200009424501510011425000210026526000440028630000240033050500830035450500260043750500830046365000330054665000340057965000400061365000320065370000340068570000290071920160920112017.0150918b mx ||||| |||| 00| 0 spa d a968860599504aBF724 bL53 20041 aLlanes, Jorge, 10aÉntrale... a las proteccionesb: estrategias de intervencion para la escuela secundariac / Jorge LLanes, María Elena Castro, Mónica Margain a1a.ed. 1a.reimp. aMéxico, D.F. : bPax México,c2004 a185p.:bil.;c27cm. aA la cabeza de la portada: Chimalli modelo preventivo de riesgos psicosociales a Libro del conductor  aA la cabeza de la portada: Chimalli modelo preventivo de riesgos psicosociales 4aPsicología del adolescente 4a Trabajo social con jóvenes 4a Problemas sociales x Prevención 4a Educación media superior1 aCastro, María Elena,ecoau.1 aMargain, Mónicaecoau.